00342nam a22001337a 4500003000400000008004100004020001800045100001700063245004300080250000900123260004700132300000800179650002100187OSt201119b ||||| |||| 00| 0 eng d a9788177096057 aSanyal, S.N. aReactions, Rearrangements and Reagents aRev. aNew DelhibBharati Bhawan Publishersc2019 a273 aB.Sc Non Medical